Constitutional Law of South Africa / (Record no. 873)

MARC details
000 -LEADER
fixed length control field 00557nam a22001817a 4500
005 - DATE AND TIME OF INPUT
control field 20231123075930.0
008 - DATA ELEMENTS--GENERAL INFORMATION
fixed length control field 231123b |||||||| |||| 00| 0 eng d
020 ## - INTERNATIONAL STANDARD BOOK NUMBER
International Standard Book Number 9780702173080
041 ## - LANGUAGE CODE
Language code of text English
082 ## - SHELF NUMBER
DDC number 342 CON
100 ## - MAIN AUTHOR
Main author's name Woolman, S and Bishop, M
Language of a work English
245 ## - TITLE STATEMENT
Title Constitutional Law of South Africa /
Statement of responsibility, etc. S Woolman and M Bishop
250 ## - EDITION STATEMENT
Edition statement Second Edition
260 ## - PUBLICATION, DISTRIBUTION, ETC.
Place of publication, distribution, etc. Cape Town :
Name of publisher, distributor, etc. Juta and Company (Pty) Ltd,
Date of publication, distribution, etc. 2014
300 ## - PHYSICAL DESCRIPTION
Dimensions 26,5 cm.
650 ## - SUBJECT`
Broad subject Legal practice
Own subject terms Law
942 ## - ADDED ENTRY ELEMENTS (KOHA)
Item type Books
942 ## - ADDED ENTRY ELEMENTS (KOHA)
-- ALISON_BN_VRIES
Holdings
Source of classification or shelving scheme Volume number (bound volume or other part) Not for loan Collection code Home library Current library Shelving location Date acquired Full call number Barcode Price effective from Koha item type
Dewey Decimal Classification Volume 1   TEXT BOOKS LAW SOCIETY OF NAMIBIA LIBRARY - WINDHOEK LAW SOCIETY OF NAMIBIA LIBRARY - WINDHOEK Constitutional and administrative law 11/23/2023 342 CON LSN/2007/1 11/23/2023 Books
Dewey Decimal Classification Volume 2   TEXT BOOKS LAW SOCIETY OF NAMIBIA LIBRARY - WINDHOEK LAW SOCIETY OF NAMIBIA LIBRARY - WINDHOEK Constitutional and administrative law 11/23/2023 342 CON LSN/2007/2 11/23/2023 Books
Dewey Decimal Classification Volume 3   TEXT BOOKS LAW SOCIETY OF NAMIBIA LIBRARY - WINDHOEK LAW SOCIETY OF NAMIBIA LIBRARY - WINDHOEK Constitutional and administrative law 11/23/2023 342 CON LSN/2007/60 11/23/2023 Books
Dewey Decimal Classification Volume 4   TEXT BOOKS LAW SOCIETY OF NAMIBIA LIBRARY - WINDHOEK LAW SOCIETY OF NAMIBIA LIBRARY - WINDHOEK Constitutional and administrative law 11/23/2023 342 CON LSN/2009/120 11/23/2023 Books